Statistics for Top 15 biggest cities in France

Click here to take the quiz!

General Stats

  • This quiz has been taken 30 times
  • The average score is 11 of 15

Answer Stats

HintAnswer% Correct
1Paris
100%
3Lyon
96%
2Marseille
93%
5Nice
93%
10Bordeaux
89%
4Toulouse
82%
11Lille
79%
9Strasbourg
75%
6Nantes
71%
12Rennes
64%
8Montpellier
61%
13Reims
57%
15Saint-Etienne
50%
14Toulon
50%
7Annecy
21%

Score Distribution

Percentile by Number Answered

Percent of People with Each Score

Your Score History

You have not taken this quiz